| 000 | 00454pab a2200169 454500 | ||
|---|---|---|---|
| 008 | 180718b2003 xxu||||| |||| 00| 0 eng d | ||
| 100 | _aMishra, Shyam Kartik | ||
| 245 | _aDeterminants of female empowerment and reproductive behaviour in India | ||
| 260 | _c2003 | ||
| 300 | _ap.87-98. | ||
| 362 | _aJan-Mar | ||
| 650 | _aWomen - India | ||
| 650 | _aWomen | ||
| 700 | _aSingh, Rajendra Prasad | ||
| 773 | _aIndian Economic Journal | ||
| 909 | _a59049 | ||
| 999 |
_c59049 _d59049 |
||